MARC details
| 000 -LÍDER |
| campo de controle de tamanho fixo |
01338naa a22003497a 4500 |
| 001 - NÚMERO DE CONTROLE |
| campo de controle |
BR8708303 |
| 003 - IDENTIFICADOR DO NÚMERO DE CONTROLE |
| campo de controle |
BR-BrBNA |
| 005 - DATA E HORÁRIO DA ÚLTIMA TRANSAÇÃO |
| campo de controle |
20240918175918.0 |
| 007 - CAMPO FIXO DE DESCRIÇÃO FÍSICA--INFORMAÇÃO GERAL |
| campo de controle de tamanho fixo |
ta |
| 008 - CAMPO DE DADOS FIXOS--INFORMAÇÃO GERAL |
| campo de controle de tamanho fixo |
230509b bl.||||| |||| 00| 0 por d |
| 040 ## - FONTE DA CATALOGAÇÃO |
| Instituição da catalogação original |
BR-BrBNA |
| Idioma da catalogação |
por |
| Instituição que transcreveu o registro |
Biblioteca Nacional de Agricultura |
| 041 ## - CÓDIGO DE IDIOMA |
| Código do idioma do texto/trilha sonora ou título diferente |
(Pt) |
| 072 ## - CÓDIGO DE CATEGORIA DE ASSUNTO |
| Código de Categoria de Assunto |
F60; F04 |
| Código do objeto |
1110 |
| -- |
3840 |
| 090 ## - NÚMERO DE CHAMADA LOCAL |
| Número de chamada |
F60 BR8708303 |
| 100 1# - ENTRADA PRINCIPAL--NOME PESSOAL |
| Nome pessoal |
Geno, P.J. de C. |
| 100 1# - ENTRADA PRINCIPAL--NOME PESSOAL |
| Nome pessoal |
Azevedo, J.A. de |
| 100 1# - ENTRADA PRINCIPAL--NOME PESSOAL |
| Nome pessoal |
Campelo Junior, J.A. |
| 100 1# - ENTRADA PRINCIPAL--NOME PESSOAL |
| Nome pessoal |
Aquino, A.R.L. de |
| 100 1# - ENTRADA PRINCIPAL--NOME PESSOAL |
| Nome pessoal |
Vieira, A. |
| 245 1# - TÍTULO |
| Título |
Nutricao mineral e adubacao do abacateiro (Persea americana Mill)[nitrogenio, fosforo, calcio, magnesio, enxofre, cloro, cobre, ferro, manganes, molibdenio, zinco] |
| 246 1# - FORMA VARIANTE DO TÍTULO |
| Título/título abreviado |
[Mineral nutrition and dressing of avocado-peer tree (Persea americana Mill)] |
| 246 1# - FORMA VARIANTE DO TÍTULO |
| Título/título abreviado |
[Mineral nutrition and dressing of tropical fruit trees] |
| 260 3# - PUBLICAÇÃO, DISTRIBUIÇÃO, ETC. |
| Local de publicação, distribuição, etc. |
Campinas, SP (Brasil): |
| Data da publicação, distribuição, etc. |
1986. |
| 500 ## - NOTA GERAL |
| Nota geral |
Nutricao mineral e adubacao de frutiferas tropicais<br/>Campinas, SP (Brasil): 1986. p. 1-30<br/>(BR8708303-AM)F60<br/> |
| 650 ## - ASSUNTO--TERMO TÓPICO |
| Cabeçalho tópico ou nome geográfico |
ABACATE |
| 650 ## - ASSUNTO--TERMO TÓPICO |
| Cabeçalho tópico ou nome geográfico |
NUTRICAO VEGETAL |
| 650 ## - ASSUNTO--TERMO TÓPICO |
| Cabeçalho tópico ou nome geográfico |
ADUBACAO |
| 650 ## - ASSUNTO--TERMO TÓPICO |
| Cabeçalho tópico ou nome geográfico |
NUTRIENTE MINERAL |
| 773 0# - ENTRADA ANALÍTICA |
| Título |
Nutricao mineral e adubacao de frutiferas tropicais |
| Número de controle do registro |
F60 BR8708303 |
| Partes relacionadas |
Campinas, SP (Brasil), 1986. p. 1-30 |
| 909 ## - |
| -- |
202404 |
| -- |
Lucia |
| -- |
55 |
| -- |
Lucia Elande |
| 942 ## - ELEMENTOS DE ENTRADA ADICIONADOS (KOHA) |
| Tipo de material Koha |
Capítulo-Livro |
| Fonte da classificação ou esquema de arquivamento na estante |
Classificação AGRIS |